Obsesiones.
Gespeichert in:
| 1. Verfasser: | |
|---|---|
| Format: | Buch |
| Veröffentlicht: |
Lugar de publicación no identificado:
Editor no identificado,
2022.
|
| Schlagworte: | |
| Tags: |
Tag hinzufügen
Keine Tags, Fügen Sie den ersten Tag hinzu!
|
MARC
| LEADER | 00000nam a2200000 a 4500 | ||
|---|---|---|---|
| 001 | UCI7306 | ||
| 003 | CL-VaPUC | ||
| 005 | 20250227162332.0 | ||
| 008 | 240403t2022 ||||| |||| 00| 0 eng d | ||
| 999 | |c 443411 |d 443409 | ||
| 040 | |c Pontificia Universidad Católica de Valparaíso | ||
| 082 | 7 | |2 22 |a 776.6 QUE 2022 | |
| 100 | |a Quezada, Beatriz |e autora |9 888300 | ||
| 245 | 1 | 3 | |a Obsesiones. |
| 260 | |a Lugar de publicación no identificado: |b Editor no identificado, |c 2022. | ||
| 300 | |a 35 hojas; |b ilustraciones. | ||
| 500 | |a c.1 Donación Ramón Aldunate R. Memo ART N° 1/2024. Proyecto de Título. | ||
| 583 | |c 20240403 |k Catalogador Asistente | ||
| 650 | 0 | |a Videoarte |v Fotogramas |v Caja de luz (técnica) |9 268449 | |
| 650 | 0 | |9 266624 |a Poética |v Interpretación (Arte) | |
| 942 | |c BK |2 ddc | ||
| 952 | |0 0 |1 0 |2 ddc |4 0 |6 776_600000000000000_QUE_2022 |7 0 |8 A |9 593948 |a BIBART |b BIBART |d 2024-04-03 |e Donación |i 5660592 |o 776.6 QUE 2022 |p 5660592 |r 2025-03-13 |t 1 |w 2024-04-03 |y BK |k ART | ||